000 00676cam a2200205 i 4500
001 24660
003 Mx-PuUPA
005 20251018085214.0
008 140415s1991 sp gr 000 0 spa d
020 _a8472131165
040 _cMx-PuUPA
041 0 _aspa
082 0 4 _axx
_bxx
_223
245 _aTratado de los artículos de la ley divina /
_ctraducción de David Cohen De Lara
264 1 _aBarcelona, España :
_bRiopiedras Ediciones,
_c1991
300 _axxvii, 46 páginas :
_bilustraciones ;
_c21 cm
700 1 _aCohen de Lara, Davir,
_etraductor
942 _2ddc
_cLI
_hxx
_ixx
999 _c24660
_d24660